000
00274nam a22001217a 4500
082
_a
670.42 BAK
100
_a
BAKER, WRIGHT
_9
59335
245
_a
MODERN WORKSHIP TECHNOLOGY PART 1
250
_a
2ND
260
_a
LONDON
_b
CLEAVER HUME
_c
1961
300
_a
511P
942
_c
BK
999
_c
569344
_d
569344